000 00811nas a2200277 4500
001 BR0402396
003 BR-BrBNA
005 20231205104521.0
007 ta
008 230509b bl.|||p| |||| 00| 00por d
040 _aBR-BrBNA
_bpor
_cBiblioteca Nacional de Agricultura
041 _a(Pt)
072 _aL74; L70
100 1 _aMartins, V.M.V.
100 1 _aStolf, L.
100 1 _aSantarosa, I.A.M.
100 1 _aBusato, C.M.
245 1 _aDimelia anterior esquerda incompleta em cães: relato de caso
650 _aCÃO
650 _aDISTÚRBIO GENÉTICO
650 _aULTRA-SOM
650 _aVETERINÁRIA
773 0 _tRevista de Ciências Agroveterinárias (Brazil)
_xISSN 1676-9732
_g(2002), v. 1(1) p. 21-23
_wBR0402396
909 _a202311
_bLúcia
_c55
_dLúcia Elande
942 _2AGRIS
_n0
_cANA
999 _c178499
_d178499